00794nam a2200241 i 450000500170000000800410001702000150005804000350007304100080010810000410011624500420015725000220019926400380022130000400025933600270029933700330032633800280035949000230038765000480041065000410045865000420049908400110054120220316235251.0121119s2001 sp a gr 000 f spa d a8437613744 aCO-BoRNBPbspacCO-BoRNBPerda0 aspa1 aFaulkner, William,d1897-1962eautor13aEl ruido y la furiacWilliam Faulkner aPrimera edición 1aMadridbEdiciones Cátedrac2001 a360 páginasbilustracionesc20 cm atextobtxt2rdacontent asin mediaciónbn2rdamedia avolumenbnc2rdacarrier0 aLetras universales172ARMARCaLiteratura estadounidenseySiglo XX172ARMARCaLiteratura de adultovNovela172ARMARCaRelaciones familiaresvNovela aN FAU1